| 000 | 00754nam a22002177a 4500 | ||
|---|---|---|---|
| 005 | 20140822161657.0 | ||
| 010 | _aB-500368-383 ENG-110480 | ||
| 020 |
_a9788179103821 _c650.00 |
||
| 035 | _aB-500368-383 | ||
| 035 | _aEN-94012 | ||
| 037 |
_adpl _bMalika Books/Ven |
||
| 037 | _bDBAD/PUB | ||
| 082 | _a488.24 | ||
| 100 | _aSinha, Mosam | ||
| 245 |
_aEnglish communication skills/ _cby Mosam Sinha |
||
| 260 |
_aJaipur _bAavishkar Publishers, Distributors _c2012 |
||
| 270 |
_a807, Vyas Building, Chaura Rasta _bJaipur _e302003 (Raj.) India |
||
| 300 |
_aix,174p. _c22cm(Hb) |
||
| 942 |
_2ddc _cEN _h488.24 _mSIN |
||
| 999 |
_c82152 _d82152 |
||